Govt. of
Madhya Pradesh

Agricultural Finance and Management (Record no. 61518)

MARC details
000 -LEADER
fixed length control field 00367nam a22001457a 4500
003 - CONTROL NUMBER IDENTIFIER
control field MACL,
005 - DATE AND TIME OF LATEST TRANSACTION
control field 20191205162231.0
008 - FIXED-LENGTH DATA ELEMENTS--GENERAL INFORMATION
fixed length control field 191205b xxu||||| |||| 00| 0 eng d
040 ## - CATALOGING SOURCE
Transcribing agency MACL,
100 ## - MAIN ENTRY--PERSONAL NAME
Personal name Sirohi , P K
9 (RLIN) 76333
245 ## - TITLE STATEMENT
Title Agricultural Finance and Management
260 ## - PUBLICATION, DISTRIBUTION, ETC. (IMPRINT)
Place of publication, distribution, etc. Delhi
Name of publisher, distributor, etc. Nisha Pub
Date of publication, distribution, etc. 2018
650 ## - SUBJECT ADDED ENTRY--TOPICAL TERM
Topical term or geographic name as entry element Agriculture
9 (RLIN) 77454
942 ## - ADDED ENTRY ELEMENTS (KOHA)
Source of classification or shelving scheme
Koha item type Books
Holdings
Withdrawn status Lost status Source of classification or shelving scheme Damaged status Not for loan Home library Current library Date acquired Cost, normal purchase price Total Checkouts Full call number Barcode Date last seen Price effective from Koha item type
          MACL MACL 05/12/2019 900.00   630/SIR CRE037189 02/05/2024 05/12/2019 Books